[Event "DEM U16w 2025"]
[Site "Willingen GER"]
[Date "2025.06.12"]
[Round "7"]
[White "Fischermann, Charlotte"]
[Black "Dodul, Alice"]
[Result "0-1"]
[Termination "normal"]
[Board "14"]
[WhiteElo "1715"]
[BlackElo "1749"]
[WhiteClock "00:39:38"]
[BlackClock "00:21:55"]
[PlyCount "114"]
[WhiteFideId "34619690"]
[BlackFideId "34623817"]
[EventCountry "GER"]
[EventRounds "9"]
[EventType "swiss"]
[EventDate "2025.06.07"]

1. e4 {[%clk 01:30:57]} {[%emt 00:00:03]} e5 {[%clk 01:30:58]} {[%emt
00:00:03]} 2. Nf3 {[%clk 01:31:21]} {[%emt 00:00:05]} Nc6 {[%clk 01:31:26]}
{[%emt 00:00:03]} 3. Bc4 {[%clk 01:31:43]} {[%emt 00:00:08]} Nf6 {[%clk
01:31:52]} {[%emt 00:00:04]} 4. d4 {[%clk 01:31:49]} {[%emt 00:00:24]} exd4
{[%clk 01:31:35]} {[%emt 00:00:47]} 5. O-O {[%clk 01:31:43]} {[%emt 00:00:35]}
Nxe4 {[%clk 01:31:50]} {[%emt 00:00:16]} 6. Re1 {[%clk 01:32:01]} {[%emt
00:00:11]} d5 {[%clk 01:32:11]} {[%emt 00:00:10]} 7. Bxd5 {[%clk 01:32:18]}
{[%emt 00:00:13]} Qxd5 {[%clk 01:32:30]} {[%emt 00:00:11]} 8. Nc3 {[%clk
01:32:40]} {[%emt 00:00:07]} Qd8 {[%clk 01:32:48]} {[%emt 00:00:14]} 9. Nxe4
{[%clk 01:32:53]} {[%emt 00:00:15]} Be7 {[%clk 01:32:50]} {[%emt 00:00:28]} 10.
Bg5 {[%clk 01:30:25]} {[%emt 00:02:58]} f6 {[%clk 01:23:42]} {[%emt 00:09:39]}
11. Bf4 {[%clk 01:25:23]} {[%emt 00:05:31]} O-O {[%clk 01:21:30]} {[%emt
00:02:42]} 12. Qd3 {[%clk 01:22:13]} {[%emt 00:03:41]} Kh8 {[%clk 01:07:58]}
{[%emt 00:14:02]} 13. a3 {[%clk 01:21:34]} {[%emt 00:01:08]} Bg4 {[%clk
01:06:53]} {[%emt 00:01:35]} 14. Ned2 {[%clk 01:21:16]} {[%emt 00:00:47]} Bd6
{[%clk 01:03:24]} {[%emt 00:04:00]} 15. Bxd6 {[%clk 01:20:18]} {[%emt
00:01:28]} Qxd6 {[%clk 01:03:48]} {[%emt 00:00:06]} 16. Nc4 {[%clk 01:19:41]}
{[%emt 00:01:08]} Qd7 {[%clk 01:02:26]} {[%emt 00:01:51]} 17. h3 {[%clk
01:12:52]} {[%emt 00:07:20]} Bf5 {[%clk 01:01:56]} {[%emt 00:00:59]} 18. Qd1
{[%clk 01:12:06]} {[%emt 00:01:15]} Rad8 {[%clk 01:00:07]} {[%emt 00:02:20]}
19. Nh4 {[%clk 01:08:15]} {[%emt 00:04:21]} Be6 {[%clk 00:59:31]} {[%emt
00:01:06]} 20. Qe2 {[%clk 01:07:24]} {[%emt 00:01:21]} Rfe8 {[%clk 00:58:29]}
{[%emt 00:01:32]} 21. Qd3 {[%clk 01:07:03]} {[%emt 00:00:51]} Qd5 {[%clk
00:54:22]} {[%emt 00:04:37]} 22. b3 {[%clk 01:06:50]} {[%emt 00:00:43]} g5
{[%clk 00:51:50]} {[%emt 00:03:02]} 23. Nf3 {[%clk 01:06:11]} {[%emt 00:01:08]}
Bf5 {[%clk 00:51:20]} {[%emt 00:01:02]} 24. Rxe8+ {[%clk 01:04:44]} {[%emt
00:01:57]} Rxe8 {[%clk 00:51:36]} {[%emt 00:00:14]} 25. Qd1 {[%clk 01:04:41]}
{[%emt 00:00:32]} g4 {[%clk 00:48:36]} {[%emt 00:03:30]} 26. Ne3 {[%clk
01:03:28]} {[%emt 00:01:43]} Rxe3 {[%clk 00:48:20]} {[%emt 00:00:47]} 27. fxe3
{[%clk 01:03:50]} {[%emt 00:00:07]} gxf3 {[%clk 00:48:45]} {[%emt 00:00:05]}
28. g4 {[%clk 01:00:48]} {[%emt 00:03:32]} Be4 {[%clk 00:48:29]} {[%emt
00:00:46]} 29. exd4 {[%clk 00:54:25]} {[%emt 00:06:54]} Nxd4 {[%clk 00:46:28]}
{[%emt 00:02:31]} 30. c4 {[%clk 00:52:35]} {[%emt 00:02:20]} Qd6 {[%clk
00:45:22]} {[%emt 00:01:35]} 31. Kf2 {[%clk 00:49:14]} {[%emt 00:03:51]} f5
{[%clk 00:34:17]} {[%emt 00:11:35]} 32. gxf5 {[%clk 00:47:27]} {[%emt
00:02:17]} Nxf5 {[%clk 00:34:04]} {[%emt 00:00:43]} 33. Qxd6 {[%clk 00:47:40]}
{[%emt 00:00:18]} Nxd6 {[%clk 00:33:46]} {[%emt 00:00:48]} 34. Re1 {[%clk
00:47:29]} {[%emt 00:00:39]} Bc2 {[%clk 00:29:32]} {[%emt 00:04:45]} 35. Re7
{[%clk 00:46:18]} {[%emt 00:01:41]} Bxb3 {[%clk 00:29:33]} {[%emt 00:00:28]}
36. Rxc7 {[%clk 00:46:40]} {[%emt 00:00:10]} Bxc4 {[%clk 00:25:15]} {[%emt
00:04:48]} 37. Rd7 {[%clk 00:44:30]} {[%emt 00:02:39]} Nb5 {[%clk 00:24:40]}
{[%emt 00:01:05]} 38. Rxb7 {[%clk 00:44:46]} {[%emt 00:00:15]} Nxa3 {[%clk
00:24:48]} {[%emt 00:00:22]} 39. Rxa7 {[%clk 00:44:52]} {[%emt 00:00:23]} Nb5
{[%clk 00:25:09]} {[%emt 00:00:09]} 40. Rb7 {[%clk 00:44:09]} {[%emt 00:01:12]}
Be2 {[%clk 00:24:25]} {[%emt 00:01:16]} 41. Rd7 {[%clk 00:42:13]} {[%emt
00:02:24]} Nc3 {[%clk 00:23:13]} {[%emt 00:01:43]} 42. Ke1 {[%clk 00:41:37]}
{[%emt 00:01:05]} Ne4 {[%clk 00:22:47]} {[%emt 00:00:57]} 43. Re7 {[%clk
00:40:20]} {[%emt 00:01:47]} Bd3 {[%clk 00:22:32]} {[%emt 00:00:45]} 44. Rf7
{[%clk 00:38:39]} {[%emt 00:02:10]} f2+ {[%clk 00:22:31]} {[%emt 00:00:33]} 45.
Rxf2 {[%clk 00:38:38]} {[%emt 00:00:30]} Nxf2 {[%clk 00:22:58]} {[%emt
00:00:04]} 46. Kxf2 {[%clk 00:38:59]} {[%emt 00:00:08]} Kg7 {[%clk 00:23:14]}
{[%emt 00:00:13]} 47. Kg3 {[%clk 00:39:06]} {[%emt 00:00:23]} Kg6 {[%clk
00:23:33]} {[%emt 00:00:12]} 48. Kg4 {[%clk 00:39:17]} {[%emt 00:00:17]} h5+
{[%clk 00:22:48]} {[%emt 00:01:17]} 49. Kh4 {[%clk 00:39:10]} {[%emt 00:00:38]}
Be2 {[%clk 00:22:23]} {[%emt 00:00:54]} 50. Kg3 {[%clk 00:39:05]} {[%emt
00:00:34]} Kg5 {[%clk 00:22:16]} {[%emt 00:00:38]} 51. Kf2 {[%clk 00:39:11]}
{[%emt 00:00:23]} Bd1 {[%clk 00:22:25]} {[%emt 00:00:22]} 52. Kg3 {[%clk
00:39:05]} {[%emt 00:00:36]} h4+ {[%clk 00:22:31]} {[%emt 00:00:25]} 53. Kg2
{[%clk 00:39:10]} {[%emt 00:00:24]} Kf4 {[%clk 00:22:52]} {[%emt 00:00:08]} 54.
Kf2 {[%clk 00:38:43]} {[%emt 00:00:57]} Bf3 {[%clk 00:21:43]} {[%emt 00:01:38]}
55. Kf1 {[%clk 00:38:56]} {[%emt 00:00:17]} Kg3 {[%clk 00:22:06]} {[%emt
00:00:08]} 56. Kg1 {[%clk 00:39:18]} {[%emt 00:00:07]} Kxh3 {[%clk 00:22:11]}
{[%emt 00:00:27]} 57. Kf2 {[%clk 00:39:38]} {[%emt 00:00:09]} Bc6 {[%clk
00:21:55]} {[%emt 00:00:47]} 0-1